Vstupná cena hmotného a nehmotného majetku

Vstupnou cenou hmotného a nehmotného majetku sa podľa zákona o daniach z príjmov rozumie: Obstarávacia cena ak bol majetok obstaraný odplatne. Vlastné náklady ak sa hmotný alebo nehmotný majetok obstaral alebo vyrobil vo vlastnej réžii. Reprodukčná obstarávacia cena. Technické zhodnotenie ako súčasť...

ver descrição completa

Na minha lista:
Detalhes bibliográficos
Autor principal: Kováčová, Zdenka
Formato: Capítulo de Livro
Idioma:eslovaco
Assuntos:
Tags: Adicionar Tag
Sem tags, seja o primeiro a adicionar uma tag!

MARC

LEADER 00000naa a2200000 4500
001 r030150
005 20230912110652.0
041 0 |a slo 
044 |a SK 
245 1 0 |a Vstupná cena hmotného a nehmotného majetku  |c Zdenka Kováčová 
520 |a Vstupnou cenou hmotného a nehmotného majetku sa podľa zákona o daniach z príjmov rozumie: Obstarávacia cena ak bol majetok obstaraný odplatne. Vlastné náklady ak sa hmotný alebo nehmotný majetok obstaral alebo vyrobil vo vlastnej réžii. Reprodukčná obstarávacia cena. Technické zhodnotenie ako súčasť vstupnej ceny majetku. 
610 2 0 |a ceny 
610 2 0 |a ceny obstarávacie 
610 2 0 |a ceny reprodukčné 
610 2 0 |a majetok hmotný 
610 2 0 |a majetok nehmotný 
610 2 0 |a účtovanie 
610 2 0 |a postupy účtovné 
100 1 |a Kováčová, Zdenka